|
|
|
|
| LEADER |
02670nam a2200625 a 4500 |
| 001 |
nkc20061698611 |
| 003 |
CZ PrNK |
| 005 |
20070220093509.0 |
| 007 |
ta |
| 008 |
061121s2006 xr ach e bc 000 0dcze |
| 015 |
|
|
|a cnb001698611
|
| 020 |
|
|
|a 80-902816-4-8
|q (v knize neuvedeno :
|q brož.)
|z 80-902816-0-5
|
| 035 |
|
|
|a (OCoLC)124087103
|
| 040 |
|
|
|a BOA001
|b cze
|d ABA001
|
| 041 |
1 |
|
|a cze
|a eng
|h cze
|
| 043 |
|
|
|a e-xr---
|
| 045 |
|
|
|a x5y0
|
| 072 |
|
7 |
|a 77
|x Fotografie. Fotografické postupy
|2 Konspekt
|9 21
|
| 072 |
|
7 |
|a 01
|x Bibliografie. Katalogy
|2 Konspekt
|9 12
|
| 080 |
|
|
|a 7.072.2-055.2
|2 MRF
|
| 080 |
|
|
|a 77.03/.08
|2 MRF
|
| 080 |
|
|
|a 72/76:069.9
|2 MRF
|
| 080 |
|
|
|a 012
|2 MRF
|
| 080 |
|
|
|a (437.3)
|2 MRF
|
| 080 |
|
|
|a (083.824)
|2 MRF
|
| 100 |
1 |
|
|a Fárová, Anna,
|d 1928-2010
|7 jk01030769
|4 art
|
| 245 |
1 |
0 |
|a Anna Fárová & fotografie :
|b práce od roku 1956 = Anna Fárová & photography : from 1956 to the present /
|c [kniha vznikla ve spolupráci Iren Stehli a Roberta V. Nováka s Annou Fárovou]
|
| 246 |
3 |
|
|a Anna Fárová a fotografie
|
| 246 |
3 |
|
|a Anna Fárová and photography
|
| 246 |
3 |
1 |
|a Anna Fárová & photography
|
| 260 |
|
|
|a Praha :
|b Langhans Galerie - PRO Langhans,
|c 2006
|
| 300 |
|
|
|a 171 s. :
|b il., portréty, faksim. ;
|c 24 cm
|
| 500 |
|
|
|a Pub. vychází u příležitosti stejnojmenné výstavy v Langhans Galerii Praha, 7. listopadu 2006 - 1. ledna 2007
|
| 500 |
|
|
|a Životopisná data, přehled výstav a zastoupení ve sbírkách
|
| 504 |
|
|
|a Obsahuje bibliografie, bibliografické odkazy a filmografii
|
| 546 |
|
|
|a Souběžný anglický text
|
| 600 |
1 |
7 |
|a Fárová, Anna,
|d 1928-2010
|7 jk01030769
|2 czenas
|
| 648 |
|
7 |
|a 20.-21. století
|7 ch462155
|2 czenas
|
| 650 |
0 |
7 |
|a historičky umění
|7 ph348294
|z Česko
|y 20.-21. stol.
|2 czenas
|
| 650 |
0 |
7 |
|a fotografie
|7 ph114585
|z Česko
|y 20.-21. stol.
|2 czenas
|
| 650 |
0 |
7 |
|a umělecké výstavy
|7 ph135854
|z Česko
|y 20.-21. stol.
|2 czenas
|
| 650 |
0 |
9 |
|a women art historians
|z Czechia
|y 20th-21st centuries
|2 eczenas
|
| 650 |
0 |
9 |
|a photography
|z Czechia
|y 20th-21st centuries
|2 eczenas
|
| 650 |
0 |
9 |
|a art exhibitions
|z Czechia
|y 20th-21st centuries
|2 eczenas
|
| 655 |
|
7 |
|a katalogy výstav
|7 fd132536
|2 czenas
|
| 655 |
|
7 |
|a personální bibliografie
|7 fd133021
|2 czenas
|
| 655 |
|
9 |
|a exhibition catalogs
|2 eczenas
|
| 655 |
|
9 |
|a personal bibliography
|2 eczenas
|
| 700 |
1 |
|
|a Stehli, Iren,
|d 1953-
|7 jn20000402274
|4 edt
|
| 700 |
1 |
|
|a Novák, Robert V.,
|d 1962-
|7 jn20010601892
|4 edt
|
| 910 |
2 |
|
|a BOA001
|b 2-1177.362
|
| 990 |
|
|
|a BK
|
| 995 |
|
|
|a 01
|
| 991 |
|
|
|b 200612
|c NOV
|
| 996 |
6 |
|
|b 2610294996
|c 2-1177.362
|l MZK
|r Sklad / do 1 hodiny
|n 7
|p p.v.
|w 000834026
|u 000010
|a 1
|e BOA001
|j MZK50
|s P
|